| 000 | 00000nam 2200000zi 4500 |
| 001 | 9.940474 |
| 003 | CaOODSP |
| 005 | 20240723152343 |
| 006 | m o d f |
| 007 | cr cn||||||||| |
| 008 | 240711e201606##onc ob f000 0 eng d |
| 040 | |aCaOODSP|beng|erda|cCaOODSP |
| 043 | |an-cn--- |
| 086 | 1 |aIN4-50/2016E-PDF |
| 245 | 00|aOffice of the Superintendent of Financial Institutions internal audit report on Insurance Supervision Sector : |bMortgage Insurance Group (MIG). |
| 246 | 17|aInternal audit report on Mortgage Insurers Group |
| 264 | 1|a[Ottawa] : |bOffice of the Superintendent of Financial Institutions Canada = Bureau du surintendant des institutions financières Canada, |cJune 2016. |
| 300 | |a1 online resource (15 pages) |
| 336 | |atext|btxt|2rdacontent |
| 337 | |acomputer|bc|2rdamedia |
| 338 | |aonline resource|bcr|2rdacarrier |
| 500 | |aIssued also in French under title: Bureau du surintendant des institutions financières rapport d’audit interne sur le Secteur de la surveillance des sociétés d’assurances, Groupe de l’assurance hypothécaire (GAH). |
| 504 | |aIncludes bibliographical references. |
| 610 | 20|aOffice of the Superintendent of Financial Institutions Canada|xAuditing. |
| 650 | 0|aMortgage guarantee insurance|zCanada|xAuditing. |
| 710 | 2 |aOffice of the Superintendent of Financial Institutions Canada, |eissuing body. |
| 775 | 08|tBureau du surintendant des institutions financières rapport d’audit interne sur le Secteur de la surveillance des sociétés d’assurances : |w(CaOODSP)9.940914 |
| 856 | 40|qPDF|s278 KB|uhttps://publications.gc.ca/collections/collection_2024/bsif-osfi/IN4-50-2016-eng.pdf |